| 000 | 00340cam a2200145ua 4500 | ||
|---|---|---|---|
| 003 | OSt | ||
| 008 | 231114b |||||||| |||| 00| 0 eng d | ||
| 041 | _ahin | ||
| 082 |
_a891.54 _bPRE/NA |
||
| 100 |
_aPremchand, . _95537 |
||
| 245 | _aAasakhi / | ||
| 260 |
_aNew Delhi : _bSaraswathi Press , _c1961. |
||
| 300 | _a256 ; . | ||
| 942 | _cBK | ||
| 999 |
_c17842 _d17842 |
||